000 00261nam a2200097Ia 4500
008 241105s9999 xx 000 0 und d
041 _aeng
100 _aKoshti Pooja
_9182570
245 _aThree Star Hotel At Undri Pune
260 _bFinal Year B. Arch, BNCA
_c2014
999 _c360861
_d360861